| 000 | 02232nam a2200205Ia 4500 | ||
|---|---|---|---|
| 003 | OSt | ||
| 005 | 20250725143002.0 | ||
| 008 | 210210b1998 xxu||||| |||| 00| 0 eng d | ||
| 040 | _cAL | ||
| 041 | _aKannada | ||
| 082 | _aK894.3 CHAH | ||
| 100 |
_aCHADURANGA. _dಚದುರಂಗ _9220173 |
||
| 245 |
_aHejjala. _bಹೆಜ್ಜಾಲ |
||
| 260 |
_aMaisuru _bPustaka Prakashana _c1998 |
||
| 300 | _axii,361 | ||
| 520 | _aಖ್ಯಾತ ಸಾಹಿತಿ ಹಾಗೂ ಕಾದಂಬರಿಕಾರ ಚದುರಂಗ ಅವರ ಕಾದಂಬರಿ-ಹೆಜ್ಜಾಲ. ಕೇಂದ್ರ ಸಾಹಿತ್ಯ ಅಕಾಡೆಮಿ ಪ್ರಶಸ್ತಿಯ ಈ ಕೃತಿಯು ಕೃಷಿ ಕಾರ್ಮಿಕ ಜೀವನದ ಚಿತ್ರಣವನ್ನು ನೀಡುತ್ತದೆ. ಹೆಜ್ಜಾಲ ಎಂಬುದು ದೊಡ್ಡ ಆಲದ ಮರ. ಕಾಲೂರ ಎಂಬುವವನು ೀ ಕಾದಂಬರಿಯ ಕಥಾನಾಯಕ. ಈತ ಸ್ವಭಾವದಲ್ಲಿ ಅಲೆಮಾರಿ. ನಿಂತಲ್ಲಿ ನಿಲ್ಲಲಾರ; ಕೂತಲ್ಲಿ ಕೂಡಲಾರ. ಈತನ ಜೀವನವು ಅಲದೂರಿನಲ್ಲಿ ಆರಂಭವಾಗಿ ದಾವಣಗೆರೆ ಬಳಿಯ ಜಗಳೂರಿನಲ್ಲಿ ಮುಕ್ತಾಯಗೊಳ್ಳುತ್ತದೆ. ಆದರೆ, ಕಥೆ ಆರಂಭವಾಗುವುದು ಜಗಳೂರಿನಿಂದಲೇ. ಅಲದೂರು-ಕಾಲೂರಿನ ಹುಟ್ಟೂರು. ಬೆಟ್ಟದಪುರ, ರಾಮನಾಥಪುರ, ಶ್ರೀನಿವಾಸಪುರ ಹೀಗೆ ಜೀವನ ಸಾಹಿ, ಕೆಲವು ದಿನಗಳು ಕಾಫಿ ತೋಟದಲ್ಲಿ ಕಳೆಯುತ್ತಾನೆ. ಈ ಬದುಕಿನ ಸುಂದರ ಘಟನೆಗಳನ್ನು ಚಿತ್ರಿಸುವ ಕಾದಂಬರಿಯು, ಬದುಕಿನ ಅತಂತ್ರತೆಯನ್ನು, ಎಷ್ಟೊಂದು ಎಚ್ಚರಿಕೆಯೊಂದಿಗೆ ಹೆಜ್ಜೆ ಇಡಬೇಕು ಎಂಬುದರ ಸೂಕ್ಷ್ಮತೆಯನ್ನು ಕಾಣಿಸುತ್ತದೆ. | ||
| 690 |
_aKannada Fiction _9220174 |
||
| 906 | _a054908 | ||
| 942 |
_2ddc _cBK |
||
| 999 |
_c102900 _d102900 |
||